000 00593nam a2200241 a 4500
001 nice12345678
003 IN_TiNIC
005 20260116011530.0
008 050524s1964 hara grp 000 0 eng
020 _a
_c117.5
082 0 0 _a922.97
_bRAH
100 _aRahbar, Daud
245 _aTributes to the Late Professor Muhammad Iqbal 1894-1948
260 _aHartford
_bHartford Seminary
_c1964
300 _a116p
500 _aincludes index and biblioraphy
505 2 _aIll
650 _aKarma-Marga
700 1 _aRahbar, Daud
902 _bSRS
942 _cBK
999 _c2384
_d2384